000 00682nam a2200229Ia 4500
003 OSt
005 20220926013037.0
006 a|||||r|||| 00| 0
007 ta
008 220923b |||||||| |||| 00| 0 eng d
037 _cGeneral Book
040 _aRTL
_cRTL
_beng
041 _2eng
_aeng
082 _ax:8:(S:5), L7
100 _aTodes Jay L, etc
_9317766
245 0 _aManagement and motivation
_b An introduction to sup
260 _aNew York
_bHarper and Row
_c1977
300 _ax, 440p. Appentix p 377-436
_ccm.
650 _aMotivation Managemant
_9264263
942 _hx:8:(S:5), L7
_cGB
_2CC
999 _c625053
_d625053